Tilastot visalle Suosituimmat ylioppilastutkinnon kokeet

Klikkaa tästä pelataksesi tätä visaa!

Yleistilastot

  • Tätä visaa on pelattu 40 kertaa
  • Keskiarvotulos 18 / 20

Vastaustilastot

#Koe% Oikein
39 044Pitkä englanti
100%
13 041Pitkä matematiikka
100%
2 584Äidinkieli (ruotsi)
100%
7 281Historia
100%
17 230Lyhyt matematiikka
100%
9 107Biologia
97%
7 525Kemia
97%
33 127Äidinkieli (suomi)
97%
7 233Fysiikka
97%
15 277Keskipitkä ruotsi
94%
1 933Pitkä ruotsi
94%
1 890Lyhyt saksa
94%
4 338Maantiede
91%
13 396Terveystieto
88%
9 121Yhteiskuntaoppi
88%
2 407Ev. lut. uskonto
88%
2 069Pitkä suomi
84%
1 319{Suomi} toisena kielenä
84%
8 873Psykologia
81%
1 457Filosofia
75%

Tulosjakauma

Persentiili vastausten määrän mukaan

Jokaisen tuloksen saaneiden osuus

Tuloshistoriasi

Et ole pelannut tätä visaa